000 00192 a2200097 4500
001 52534
100 _aBriskin J
245 _aDecade
260 _aLondon
_bGranada
_c
090 _c33021
_d33021
942 _aNUST-CAE
_cM
_c25583
999 _c287607
_d287607